Leviatán, o, la materia, forma y poder de una república eclesiástica y civil (Record no. 205962)
[ view plain ]
| 000 -CABECERA | |
|---|---|
| campo de control de longitud fija | 00775cam a2200241 a 4500 |
| 005 - FECHA Y HORA DE LA ÚLTIMA TRANSACCIÓN | |
| campo de control | 20240924070133.0 |
| 008 - ELEMENTOS DE LONGITUD FIJA--INFORMACIÓN GENERAL | |
| campo de control de longitud fija | 191105s1983 sp gr 000 0dspa d |
| 020 ## - NÚMERO INTERNACIONAL NORMALIZADO PARA LIBROS | |
| Número Internacional Estándar del Libro | 8449971896 (v.1) |
| 035 ## - NÚMERO DE CONTROL DEL SISTEMA | |
| Número de control de sistema | UPN01000233867 |
| 040 ## - FUENTE DE LA CATALOGACIÓN | |
| Centro catalogador/agencia de origen | MX-MxUPN |
| Lengua de catalogación | spa |
| Centro/agencia transcriptor | MX-MxUPN |
| 050 #4 - SIGNATURA TOPOGRÁFICA DE LA BIBLIOTECA DEL CONGRESO | |
| Número de clasificación | JC153 H6 |
| Número de documento/Ítem | L39 1983 |
| 100 1# - ASIENTO PRINCIPAL--NOMBRE PERSONAL | |
| Nombre de persona | Hobbes, Thomas, |
| Fechas asociadas al nombre | 1588-1679 |
| 9 (RLIN) | 28763 |
| 245 10 - MENCIÓN DE TÍTULO | |
| Título | Leviatán, o, la materia, forma y poder de una república eclesiástica y civil |
| 260 ## - PUBLICACIÓN, DISTRIBUCIÓN, ETC. | |
| Lugar de publicación, distribución, etc. | Madrid : |
| Nombre del editor, distribuidor, etc. | Sarpe, |
| Fecha de publicación, distribución, etc. | 1983. |
| 300 ## - DESCRIPCIÓN FÍSICA | |
| Extensión | 2 volúmenes |
| 490 0# - MENCIÓN DE SERIE | |
| Mención de serie | Los grandes pensadores ; |
| Designación de volumen o secuencia | 24-25 |
| 500 ## - NOTA GENERAL | |
| Nota general | La biblioteca tiene sólo el volumen I. |
| 650 #4 - ASIENTO SECUNDARIO DE MATERIA - TERMINO TEMATICO | |
| Término de materia o nombre geográfico como elemento de entrada | Estado |
| 9 (RLIN) | 6019 |
| 651 #7 - ASIENTO SECUNDARIO DE MATERIA - NOMBRE GEOGRAFICO | |
| 9 (RLIN) | 45017 |
| Nombre geográfico | Gran Bretaña |
| Subdivisión general | Historia |
| Subdivisión cronológica | Stuarts, 1603-1714 |
| 905 ## - TIPO DE MATERIAL | |
| Tipo de material | Libro |
| 942 ## - ELEMENTOS DE PUNTO DE ACCESO ADICIONAL (KOHA) | |
| Suprimir en OPAC | No |
| Fuente del sistema de clasificación o colocación | Library of Congress Classification |
| Tipo de ítem Koha | Libro |
| Estado de retiro | Estado de pérdida | Fuente del sistema de clasificación o colocación | Estado dañado | No para préstamo | Código de colección | Localización permanente | Ubicación/localización actual | Ubicación en estantería | Fecha de adquisición | Enumeración/cronología de publicación seriada | Total de préstamos | Clasificación | Código de barras | Fecha visto por última vez | Fecha del último préstamo | Tipo de ítem Koha |
|---|---|---|---|---|---|---|---|---|---|---|---|---|---|---|---|---|
| Library of Congress Classification | Colección General | Bib. Gregorio Torres Quintero | Bib. Gregorio Torres Quintero | Planta baja | 22/06/2022 | v.1 | 2 | JC153 H6 L39 1983 | 333524 | 28/11/2023 | 13/11/2023 | Libro |
